| 000 | 01022cad a22002415a 4500 | ||
|---|---|---|---|
| 001 | E153478 | ||
| 008 | 110801s2011 xxk f s000 0 eng d | ||
| 020 | 1 | _a9781780452982 | |
| 035 | _a(Sirsi) u153478 | ||
| 041 | 0 | _aeng | |
| 110 | 2 |
_aScotland _bScottish Government _95344 |
|
| 245 | 0 | 4 |
_aThe Scottish social housing charter _ba consultation _h[electronic resource] |
| 260 |
_aEdinburgh _bScottish Government _c2011 |
||
| 520 | _aSeeks views on a draft Scottish Social Housing Charter, to be introduced following the Housing (Scotland) Act 2010, which requires Ministers to set standards and outcomes for social landlords. | ||
| 520 | _aDeadline for comments is 1 November 2011. | ||
| 521 | _aAdvanced | ||
| 590 | _aKA | ||
| 650 | 2 | 4 | _aHOUSING (SCOTLAND) ACT 2010 |
| 651 | 4 |
_aScotland _y1999- |
|
| 690 | _aPROPERTY-RESIDENTIAL PROPERTY-DOMESTIC RESIDENTIAL PROPERTY-HOUSING | ||
| 856 | 4 | 0 |
_uhttps://www.scotland.gov.uk/Publications/2011/07/28103752/0 _zView the item free of charge at www.rics.org... |
| 942 | _n0 | ||
| 999 |
_c112543 _d112543 |
||